000 00873cam a2200289 4500500
005 20260405003622.0
041 _afre
042 _adc
100 1 0 _ade Oliveira, Victorine
_eauthor
245 0 0 _a“Le monde comme volonté et comme représentation”, d’Arthur Schopenhauer : une volonté qui vient de loin
260 _c2022.
500 _a25
690 _aAllemagne
690 _aArthur Schopenhauer
690 _aBouddha
690 _aÉchec
690 _aHegel
690 _aHindouïsme
690 _aMusique
690 _aPessimisme
690 _aPuissance
690 _aReprésentation
690 _aSchopenhauer
690 _aVolonté
786 0 _nPhilosophie magazine | 165 | 12 | 2022-12-01 | p. 39-41 | 1951-1787
856 4 1 _uhttps://shs.cairn.info/magazine-philosophie-magazine-2022-12-page-39?lang=fr&redirect-ssocas=7080
999 _c2069330
_d2069330